000
00332nam a2200133Ia 4500
008
231017s9999 xx 000 0 und d
082
_a
624.183
082
_b
CUR
245
0
_a
Design of Post-Tensioned Brickwork
245
4
_c
The Brick Dept Association
260
_b
The Brick Dept Association
300
_c
30cm
942
_c
REP
999
_c
603871
_d
603871